Linux administration handbook / (Record no. 36377)

MARC details
000 -LEADER
fixed length control field 01786cam a2200421 a 4500
001 - CONTROL NUMBER
control field 14547745
003 - CONTROL NUMBER IDENTIFIER
control field OSt
005 - DATE AND TIME OF LATEST TRANSACTION
control field 20070126201110.0
008 - FIXED-LENGTH DATA ELEMENTS--GENERAL INFORMATION
fixed length control field 060912s2007 njua b 001 0 eng
010 ## - LIBRARY OF CONGRESS CONTROL NUMBER
LC control number 2006030150
015 ## - NATIONAL BIBLIOGRAPHY NUMBER
National bibliography number GBA580567
Source bnb
016 7# - NATIONAL BIBLIOGRAPHIC AGENCY CONTROL NUMBER
Record control number 013297692
Source Uk
020 ## - INTERNATIONAL STANDARD BOOK NUMBER
International Standard Book Number 0131480049 (pbk. : alk. paper)
020 ## - INTERNATIONAL STANDARD BOOK NUMBER
International Standard Book Number 9780131480049 (pbk. : alk. paper)
020 ## - INTERNATIONAL STANDARD BOOK NUMBER
International Standard Book Number 9780131480049
035 ## - SYSTEM CONTROL NUMBER
System control number (OCoLC)ocm71329920
035 ## - SYSTEM CONTROL NUMBER
System control number (OCoLC)71329920
Canceled/invalid control number (OCoLC)61703419
040 ## - CATALOGING SOURCE
Original cataloging agency DLC
Transcribing agency DLC
Modifying agency BAKER
-- UKM
-- C#P
-- YDXCP
-- MUQ
-- DLC
050 00 - LIBRARY OF CONGRESS CALL NUMBER
Classification number QA76.76.O63
Item number N44 2007
082 00 - DEWEY DECIMAL CLASSIFICATION NUMBER
Classification number 005.4/32
Edition number 22
100 1# - MAIN ENTRY--PERSONAL NAME
Personal name Nemeth, Evi.
245 10 - TITLE STATEMENT
Title Linux administration handbook /
Statement of responsibility, etc Evi Nemeth, Garth Snyder, Trent R. Hein, with Lynda McGinley ... [et al.].
250 ## - EDITION STATEMENT
Edition statement 2nd ed.
260 ## - PUBLICATION, DISTRIBUTION, ETC. (IMPRINT)
Place of publication, distribution, etc Upper Saddle River, NJ :
Name of publisher, distributor, etc Prentice Hall,
Date of publication, distribution, etc c2007.
300 ## - PHYSICAL DESCRIPTION
Extent xxxvii, 1001 p. :
Other physical details ill. ;
Dimensions 24 cm.
500 ## - GENERAL NOTE
General note Previous ed.: 2002.
504 ## - BIBLIOGRAPHY, ETC. NOTE
Bibliography, etc Includes bibliographical references and index.
630 00 - SUBJECT ADDED ENTRY--UNIFORM TITLE
Uniform title Linux.
650 #0 - SUBJECT ADDED ENTRY--TOPICAL TERM
Topical term or geographic name as entry element Operating systems (Computers)
700 1# - ADDED ENTRY--PERSONAL NAME
Personal name Snyder, Garth.
700 1# - ADDED ENTRY--PERSONAL NAME
Personal name Hein, Trent R.
856 41 - ELECTRONIC LOCATION AND ACCESS
Materials specified Table of contents only
Uniform Resource Identifier <a href="http://www.loc.gov/catdir/toc/ecip0620/2006030150.html">http://www.loc.gov/catdir/toc/ecip0620/2006030150.html</a>
906 ## - LOCAL DATA ELEMENT F, LDF (RLIN)
a 7
b cbc
c orignew
d 1
e ecip
f 20
g y-gencatlg
942 ## - ADDED ENTRY ELEMENTS (KOHA)
Source of classification or shelving scheme Library of Congress Classification
Koha item type Book
Holdings
Withdrawn status Lost status Source of classification or shelving scheme Damaged status Not for loan Collection code Home library Current library Shelving location Date acquired Source of acquisition Total Checkouts Total Renewals Full call number Barcode Date checked out Copy number Price effective from Koha item type Checked out Date last seen
    Library of Congress Classification     Non-fiction Bishop Okullu Memorial Library (Limuru Campus) Bishop Okullu Memorial Library (Limuru Campus) General Circulation 23/04/2010 Purchase 19 1 QA76.76.O63 N44 2007 018756 06/10/2017 1 23/04/2010 Book    
    Library of Congress Classification     Non-fiction Nairobi Campus Nairobi Campus General Circulation 23/04/2010 Purchase 13 1 QA76.76.O63 N44 2007 018757 25/06/2019 2 23/04/2010 Book 11/07/2019 25/06/2019